Rasuah : (No. rekod 1705)

000 -LEADER
fixed length control field 00693nam a2200241 4500
003 - CONTROL NUMBER IDENTIFIER
control field KPN
005 - DATE AND TIME OF LATEST TRANSACTION
control field 20260129105406.0
008 - FIXED-LENGTH DATA ELEMENTS--GENERAL INFORMATION
fixed length control field 20260129b 00| 0 my d
020 ## - INTERNATIONAL STANDARD BOOK NUMBER
International Standard Book Number 9789836244727
Terms of availability RM54.72
Qualifying information paperback
International Standard Book Number 9789836244727
040 ## - CATALOGING SOURCE
Transcribing agency KPN
082 04 - DEWEY DECIMAL CLASSIFICATION NUMBER
Classification number 364.1323 ALA 1995
090 ## - LOCALLY ASSIGNED LC-TYPE CALL NUMBER (OCLC); LOCAL CALL NUMBER (RLIN)
Classification number (OCLC) (R) ; Classification number, CALL (RLIN) (NR) 364.1323 ALA 1995
Local cutter number (OCLC) ; Book number/undivided call number, CALL (RLIN) ALA
100 ## - MAIN ENTRY--PERSONAL NAME
Personal name Alatas, Syed Hussein,
Dates associated with a name 1928-2007
245 10 - TITLE STATEMENT
Title Rasuah :
Remainder of title sifat sebab dan fungsi /
Statement of responsibility, etc. Syed Hussein Alatas
260 ## - PUBLICATION, DISTRIBUTION, ETC.
Place of publication, distribution, etc. Kuala Lumpur :
Name of publisher, distributor, etc. Dewan Bahasa dan Pustaka,
Date of publication, distribution, etc. 1995
300 ## - PHYSICAL DESCRIPTION
Extent xxvi, 307ms. ;
Dimensions 22cm
500 ## - GENERAL NOTE
General note Mengandungi indeks
504 ## - BIBLIOGRAPHY, ETC. NOTE
Bibliography, etc. note Bibliografi: ms. 281 - 299
650 #0 - SUBJECT ADDED ENTRY--TOPICAL TERM
Topical term or geographic name entry element Bribery
Topical term or geographic name entry element Political corruption
942 ## - ADDED ENTRY ELEMENTS (KOHA)
Source of classification or shelving scheme
Koha item type Book
Suppress in OPAC No
Pemilik
Withdrawn status Lost status Source of classification or shelving scheme Damaged status Not for loan Collection code Home library Current library Shelving location Date acquired Total Checkouts Total Renewals Full call number Barcode Date due Date last seen Date last checked out Price effective from Koha item type
          Non-fiction Perpustakaan Kementerian Perpaduan Malaysia Perpustakaan Kementerian Perpaduan Malaysia Non- Fiction Rack - Social sciences 29/01/2026 1 2 364.1323 ALA 1995 KPN26010026 20/05/2026 24/02/2026 24/02/2026 29/01/2026 Book